<?xml version="1.0" encoding="UTF-8"?>
<record
    xmlns:xsi="http://www.w3.org/2001/XMLSchema-instance"
    xsi:schemaLocation="http://www.loc.gov/MARC21/slim http://www.loc.gov/standards/marcxml/schema/MARC21slim.xsd"
    xmlns="http://www.loc.gov/MARC21/slim">

  <leader>00513nam a22001697a 4500</leader>
  <controlfield tag="003">UA-OsUOA</controlfield>
  <controlfield tag="001"> 19614 </controlfield>
  <controlfield tag="007">ta</controlfield>
  <controlfield tag="008">20040909b un ||||| |||| 00| 0 ukr d</controlfield>
  <datafield tag="942" ind1=" " ind2=" ">
    <subfield code="c">SA</subfield>
  </datafield>
  <datafield tag="040" ind1=" " ind2=" ">
    <subfield code="a">UA-OsUOA</subfield>
    <subfield code="c">UA-OsUOA</subfield>
    <subfield code="d">UA-OsUOA</subfield>
  </datafield>
  <datafield tag="245" ind1=" " ind2=" ">
    <subfield code="a">&#x412;&#x456;&#x43D; &#x432; &#x43D;&#x430;&#x448;&#x456;&#x439; &#x43F;&#x430;&#x43C;'&#x44F;&#x442;&#x456;</subfield>
    <subfield code="b">[&#x41D;&#x435;&#x43A;&#x440;&#x43E;&#x43B;&#x43E;&#x433; &#x43A;&#x430;&#x43D;&#x434;. &#x444;&#x456;&#x43B;&#x43E;&#x43B;&#x43E;&#x433;. &#x43D;&#x430;&#x443;&#x43A; &#x421;.&#x411;&#x430;&#x431;&#x438;&#x447;&#x443;]</subfield>
  </datafield>
  <datafield tag="300" ind1=" " ind2=" ">
    <subfield code="a">&#x421;.4</subfield>
  </datafield>
  <datafield tag="955" ind1=" " ind2=" ">
    <subfield code="a">0</subfield>
  </datafield>
  <datafield tag="773" ind1="0" ind2=" ">
    <subfield code="w">0</subfield>
    <subfield code="t">&#x417;&#x430; &#x432;&#x456;&#x434;&#x440;&#x43E;&#x434;&#x436;&#x435;&#x43D;&#x43D;&#x44F;</subfield>
    <subfield code="d">&#x420;&#x456;&#x432;&#x43D;&#x435;</subfield>
    <subfield code="d">2004</subfield>
    <subfield code="g">&#x2116;36/3 &#x432;&#x435;&#x440;&#x435;&#x441;./</subfield>
  </datafield>
  <datafield tag="650" ind1=" " ind2="7">
    <subfield code="a">&#x411;&#x430;&#x431;&#x438;&#x447; &#x421;.</subfield>
    <subfield code="2">UDC</subfield>
  </datafield>
  <datafield tag="999" ind1=" " ind2=" ">
    <subfield code="c">305785</subfield>
    <subfield code="d">305785</subfield>
  </datafield>
</record>
